000
00202 a2200109 4500
020
_a
9780553591729
041
_a
spa
100
_a
Koontz, Dean
245
_a
Relentless
942
_c
BK
999
_c
30001
_d
29999
999
_d
29999